000 01006nam a2200277Ia 4500
001 Para_10465
003 CHAP
008 220125sDici xx 000 0 und d
010 _a209069
040 _cCHAP
090 _aPA CD - TESIS 492
100 _aRomero Ocelotl, Rosalba
_9130507
245 _aIdentificación de plagas y manejo fitosanitario de junicuil (Inga jinicuil Schltdl. Cham. Ex G. Don.) en la Región de Atlixco, Puebla /
_c Rosalba Romero Ocelotl; Director Bertha Tlapal Bolaños
260 _aChapingo, Méx. :
_b el autor
300 _a1 CDS ROM (108 p.)
502 _aTesis (Ing. Agr. Esp. Parasitología Agrícola). UACH. Departamento Parasitología Agrícola
700 _aTlapal Bolaños, Bertha. Director
_9171336
710 _aUACH Departamento Parasitología Agrícola
901 _aPA CD - TESIS 492
902 _aM
905 _a513220Diciembre, 2015 anm 8100000000 06
910 _aDici
942 _cPARA
942 _cPARA
_d2
999 _c209069
_d209069